| 000 | 00662nam a2200205 a 4500 | ||
|---|---|---|---|
| 001 | 3472 | ||
| 003 | CDMR | ||
| 005 | 20130620112531.0 | ||
| 008 | 130130s1992||||||||||||||||||||||||||||d | ||
| 020 | _a8460429652 | ||
| 040 |
_aCDMR _bcat _cCPC GIRONA |
||
| 100 | 1 |
_aTavera, Susanna _91014 |
|
| 245 | 1 | 0 |
_aSolidaridad Obrera _b: el fer-se i desfer-se d'un diari anarco-sindicalista (1915-1939) _cSusanna Tavera |
| 260 |
_bDiputació de Barcelona _aBarcelona |
||
| 260 |
_c1992 _bCol·legi de Periodistes de Catalunya |
||
| 490 | 0 |
_aVaixells de Paper _v11 |
|
| 610 | 2 |
_93847 _aSolidaridad Obrera (Barcelona) |
|
| 650 | 0 | 4 |
_93372 _aAnarquisme _zCatalunya |
| 942 |
_cMON _2udc |
||
| 999 |
_c3472 _d3472 |
||